| 000 | 00000nam##2200000za#4500 |
| 001 | 9.603772 |
| 003 | CaOODSP |
| 005 | 20210624211234 |
| 007 | cr ||||||||||| |
| 008 | 150406|2005||||xxc|||||o f|0| 0 fre|d |
| 040 | |aCaOODSP|bfre |
| 043 | |an-cn--- |
| 086 | 1 |aT41-1/32F-PDF |
| 110 | 1 |aCanada. |bTransports Canada. |
| 245 | 10|aOptions de tarification pour le transport urbain |h[ressource électronique] |
| 260 | |aOttawa - Ontario : |bTransports Canada |cFévrier 2005. |
| 300 | |a6p.|btableau, photographies |
| 490 | 1 |aÉtudes de cas sur les transports durables |vÉtude de cas nº 32 |
| 500 | |aEn tête du titre : Programme de démonstration en transport urbain. |
| 590 | |a12-20-Supp|b2012-05-09 |
| 775 | 08|tUrban transportation pricing options |w(CaOODSP)9.573676 |
| 830 | #0|aÉtudes de cas sur les transports durables ;|vÉtude de cas nº 32|w(CaOODSP)9.503247 |
| 856 | 40|ahttp://publications.gc.ca|qPDF|s277 Ko|uhttps://publications.gc.ca/collections/collection_2012/tc/T41-1-32-fra.pdf|yÉtude de cas nº 32 |